Η ισλαμική μαντίλα : σχέσεις εξουσίας και μορφές αντίστασης : μεταπτυχιακή διατριβή
Αποθηκεύτηκε σε:
| Κύριος συγγραφέας: | |
|---|---|
| Συγγραφή απο Οργανισμό/Αρχή: | |
| Μορφή: | Thesis Βιβλίο |
| Γλώσσα: | Greek |
| Δημοσίευση: |
Μυτιλήνη :
Πανεπιστήμιο Αιγαίου, Τμήμα Κοινωνικής Ανθρωπολογίας και Ιστορίας,
2003
|
| Θέματα: | |
| Ετικέτες: |
Προσθήκη ετικέτας
Δεν υπάρχουν, Καταχωρήστε ετικέτα πρώτοι!
|
MARC
| LEADER | 00000cam a2200000 i 4500 | ||
|---|---|---|---|
| 001 | 1/24243 | ||
| 008 | 060214s2003 gre d | ||
| 035 | |l 10082627 | ||
| 040 | |a GR-MY-UA |b gre |e aacr | ||
| 041 | 0 | |a gre | |
| 082 | 0 | |a 391.43 |2 (22) | |
| 100 | 1 | |a Παπαδοπούλου, Παναγιώτα. | |
| 245 | 1 | 2 | |a Η ισλαμική μαντίλα : |b σχέσεις εξουσίας και μορφές αντίστασης : μεταπτυχιακή διατριβή / |c Παναγιώτα Παπαδοπούλου |
| 260 | |a Μυτιλήνη : |b Πανεπιστήμιο Αιγαίου, Τμήμα Κοινωνικής Ανθρωπολογίας και Ιστορίας, |c 2003 | ||
| 300 | |a 36 σ.; |c 30 εκ. | ||
| 502 | # | # | |a Διατριβή (μεταπτυχιακή) – Πανεπιστήμιο Αιγαίου, Λέσβος, 2003. |
| 504 | |a Βιβλιογραφία: σ. 34-36 | ||
| 650 | 0 | 0 | |a Muslim women |x Clothing. |
| 650 | 0 | 0 | |a Muslim women |x Social conditions. |
| 650 | 0 | 0 | |a Hijab (Islamic clothing) |
| 650 | 0 | 0 | |a Islamic clothing and dress. |
| 650 | 0 | 0 | |a Dissertations, Academic |z Greece. |
| 710 | 2 | |a Πανεπιστήμιο Αιγαίου. |b Σχολή Κοινωνικών Επιστημών. |b Τμήμα Κοινωνικής Ανθρωπολογίας και Ιστορίας. |b Πρόγραμμα Μεταπτυχιακών Σπουδών Κοινωνική και Ιστορική Ανθρωπολογία. | |
| 852 | |a INST |b LESVOS |c DIATR |e 20060214 |h 7 |p 005100034235 |q 005100034235 |t MTXE |y 23 | ||
| 852 | |a INST |b LESVOS |c DIATR |e 20060214 |h 8 |p 005100034213 |q 005100034213 |t MTXE |y 23 | ||
| 901 | |a BIBL1-2006-1 | ||
| 909 | |a Λ |b 115330 | ||
| 909 | |a Λ |b 115331 | ||
| 924 | |a ΠΑΠΑΔΟΠΟΥΛΟΥ |b ΠΑΝΑΓΙΩΤΑ |y ΛΕΣΒΟΣ |z 2004-10 | ||
| 970 | |a ΜΑΡΙΝΑΤΟΥ |b ΜΥΡΣΙΝΗ |z 2006/02/14 | ||